M. E. Renan guerroyant contre le surnaturel / (Record no. 47989)

MARC details
000 -LEADER
campo de control de longitud fija 00584nam a2200193 i 4500
001 - NÚMERO DE CONTROL
campo de control 47989
003 - IDENTIFICADOR DE NÚMERO DE CONTROL
campo de control ES-MaACL
005 - FECHA Y HORA DE LA ÚLTIMA TRANSACCIÓN
campo de control 20250822063118.0
007 - CAMPO FIJO DE DESCRIPCIÓN FÍSICA--INFORMACIÓN GENERAL
campo de control de longitud fija t|
008 - DATOS DE LONGITUD FIJA--INFORMACIÓN GENERAL
campo de control de longitud fija 981124s1863 fr ||||1| fre d
080 ## - NÚMERO DE LA CLASIFICACIÓN DECIMAL UNIVERSAL
Número de la Clasificación Decimal Universal 929 Renan, Ernest
100 0# - ENTRADA PRINCIPAL--NOMBRE DE PERSONA
Nombre de persona Crelier, Henry-Joseph,
Títulos y otros términos asociados al nombre Abbé
9 (RLIN) 41480
245 10 - MENCIÓN DEL TÍTULO
Título M. E. Renan guerroyant contre le surnaturel /
Mención de responsabilidad, etc. par l'Abbé H. J. Crelier.
260 ## - PUBLICACIÓN, DISTRIBUCIÓN, ETC.
Lugar de publicación, distribución, etc. Paris :
Nombre del editor, distribuidor, etc. J.B. Pélagaud et Cie.,
Fecha de publicación, distribución, etc. 1863.
300 ## - DESCRIPCIÓN FÍSICA
Extensión 60 p. ;
Dimensiones 23 cm.
600 14 - PUNTO DE ACCESO ADICIONAL DE MATERIA--NOMBRE DE PERSONA
Nombre de persona Renan, Ernest,
Fechas asociadas al nombre 1823-1892
9 (RLIN) 96168
852 4# - LOCALIZACIÓN
Ubicación ES-MaACL
Número de control de estantería T-80-F-8
Holdings
Estatus retirado Estado de pérdida Estado de daño No para préstamo Colección Biblioteca de origen Biblioteca actual Ubicación en estantería Fecha de adquisición Fuente de adquisición Total de préstamos Signatura topográfica completa Código de barras Visto por última vez Precio de reemplazo Tipo de ítem Koha
        Colección de folletos Biblioteca del Ateneo de Madrid Biblioteca del Ateneo de Madrid Depósito folletos 17/01/2008     T-80-F-8 1050501 23/02/2023 23/02/2023 Folleto